Държави по буква - С - Statistics

General Stats
  • This quiz has been taken 91 times
  • The average score is 13 of 22
Answer Stats
Държава % Correct
Словакия
82%
Словения
82%
Сърбия
82%
Сомалия
78%
Сингапур
73%
Сирия
73%
Съединени Американски Щати
70%
Сенегал
68%
Судан
65%
Суринам
63%
Сан Марино
58%
Северна Корея
58%
Сейшели
58%
Саудитска Арабия
55%
Северна Македония
55%
Сиера Леоне
50%
Самоа
48%
Соломонови Острови
38%
Сейнт Китс и Невис
37%
Сейнт Лусия
33%
Сао Томе и Принсипи
30%
Сейнт Винсент и Гренадини
25%
No matching quizzes found
Score Distribution
Percent of People with Each Score
Percentile by Number Answered
Your Score History
You have not taken this quiz